| 000 | 01485nam a2200121Ia 4500 | ||
|---|---|---|---|
| 008 | 220620s9999||||xx |||||||||||||| ||und|| | ||
| 100 | _aPantelakis, Spiros||Kontis, Konstantinos | ||
| 245 | 0 | _a8th EASN-CEAS Workshop on Manufacturing for Growth and Innovation | |
| 546 | _aEnglish[eng] | ||
| 650 | _an/a||dynamic force analysis||ditching simulation||crashworthiness||morphing wings||pressurized fuselage||scissor-like elements||design of advanced power systems||manufacturing||nanomechanical properties||composite materials||multifunctionality||electrical properties||computational fluid dynamics||aeronautic component||nanomaterials||circulation control||multiscale damage model||modelling and simulation||unmanned aircraft||kinematic analysis||threshold concentration||life cycle analysis||autoclave||blended wing-body aircraft||incompressible flow||low-curvature panels||aircraft design||composites structures||carbon nanotubes||vacuum assisted resin infusion||active flow control||building-block approach||flight testing||VTOL-UAV||aerodynamic analysis||suction and oscillatory blowing actuator||technology readiness level||scaling||kinematic synthesis||polymer nanocomposites||thermal stability||electrification||cold diaphragm forming||resin transfer molding||fluid-structure interaction||technology demonstrator||light sport aircraft||multi-objective optimization||cost analysis||scissor-structural mechanisms | ||
| 856 | _uhttps://mdpi.com/books/pdfview/book/1615 | ||
| 942 | _cEB | ||
| 999 |
_c29822 _d29822 |
||